1440 1785 1537 1435 1717 1698 1847 1496 1924 1321 1547 1083 1356 1177 1945 1671 1991 1637 1704 1725 1654 1873 1039 1347 1246 1529 1789 1299 1713 1104 1375 1041 1231 1894 1751 1355 1041 1907 1597 1044 1923 1638 1185 1857 1412 1555 1737 1153 1275 1903 1666 1431 1486 1789 1592 1928 1406 1226 1501 1490 1043 1702 1642 1749 1902 1944 1910 1274 1713 1479 1897 1819 1971 1895 1127 1385 1430 1952 1942 1990 1351 1409 1308 1656 1747 1326 1540 1947 1189 1983 1225 1488 1454 1728 1140 1238 1650 1752 1331 BCNSPRNW ULIB Ver.6.0+V

เปลี่ยนเป็นภาษาไทย

Change to English
 แสดงรายละเอียดบรรณานุกรม
  กลับหน้าหลัก

Brief Record : Get Marc (ISO 2709) : E-mail record : QR code < ปิดหน้าต่าง
LEADER : 00000nam 2200000uu 4500
001    13399126951
003     ULIB
008    190917s2561||||th 000 0 tha d
020    ^a9786164748668
060    ^aWM270^bร387ก
100    ^aรัศมน กัลยาศิริ
245    ^aการเสพติดและผลแทรกซ้อนทางจิตเวช (Addiction & Psychiatric Complications)
250    ^aพิมพ์ครั้งที่ 1
260    ^aกรุงเทพฯ :^bภาควิชาจิตเวชศาสตร์ คณะแพทยศาสตร์ จุฬาลงกรณ์มหาวิทยาลัย,^c2561
300    ^a190 หน้า^bภาพประกอบ, ตาราง, ภาคผนวก
650    ^aจิตเวชศาสตร์
650    ^aสารเสพติด
945    ^p200^l0^i27701
945    ^p200^l0^i27702
945    ^p200^l0^i27700
945    ^p200^l0^i27703
945    ^p200^l0^i27704
999    ^aกัณชพร จุลอักษร
รายการนี้ยังไม่มีแท็ก
คุณยังไม่ได้ล็อกอิน คุณสามารถมีกิจกรรมร่วมกับเว็บไซต์ได้ แต่ต้องล็อกอินก่อน ::
  ล็อกอิน

รายการสื่อสารสนเทศ

ลำดับที่ ประเภท เลขเรียก/บาร์โค้ด สถานที่ สถานะ
1. หนังสือสำรอง
หนังสือสำรอง
WM270 ร387ก ฉ.1 
  Barcode: 27700
ห้องสมุดวิทยาเขตนครสวรรค์
►หนังสือทั่วไป:l:General Books
บนชั้น
2. วิทยาศาสตร์การแพทย์ และสุขภาพ
วิทยาศาสตร์การแพทย์ และสุขภาพ
WM270 ร387ก ฉ.2 
  Barcode: 27701
ห้องสมุดวิทยาเขตนครสวรรค์
►หนังสือทั่วไป:l:General Books
บนชั้น
3. วิทยาศาสตร์การแพทย์ และสุขภาพ
วิทยาศาสตร์การแพทย์ และสุขภาพ
WM270 ร387ก ฉ.3 
  Barcode: 27702
ห้องสมุดวิทยาเขตนครสวรรค์
►หนังสือทั่วไป:l:General Books
บนชั้น
4. วิทยาศาสตร์การแพทย์ และสุขภาพ
วิทยาศาสตร์การแพทย์ และสุขภาพ
WM270 ร387ก ฉ.4 
  Barcode: 27703
ห้องสมุดวิทยาเขตนครสวรรค์
►หนังสือทั่วไป:l:General Books
บนชั้น
5. วิทยาศาสตร์การแพทย์ และสุขภาพ
วิทยาศาสตร์การแพทย์ และสุขภาพ
WM270 ร387ก ฉ.5 
  Barcode: 27704
ห้องสมุดวิทยาเขตนครสวรรค์
►หนังสือทั่วไป:l:General Books
บนชั้น

รายการใกล้เคียง
    ชื่อเรื่อง [การเสพติดและผลแทรกซ้อนทางจิตเวช (Addiction & Psychiatric Complications)]

    ผู้แต่ง [รัศมน กัลยาศิริ]

    หัวเรื่อง [จิตเวชศาสตร์]
    หัวเรื่อง [สารเสพติด]

BibComment


ยังไม่เคยถูกคอมเมนท์

คอมเมนท์ทรัพยากรรายการนี้
  คอมเมนท์: การเสพติดและผลแท..


 Copyright 2026. Bcnsprnw @Library